UNDERSTANDING DISCIPLINE AND SUBJECTS/ (Record no. 210594)

MARC details
000 -LEADER
fixed length control field 00644nam a22001937a 4500
005 - DATE AND TIME OF LATEST TRANSACTION
control field 20250402120129.0
010 ## - LCCN (DPL NO)
LC control number ENG-144340
020 ## - INTERNATIONAL STANDARD BOOK NUMBER
International Standard Book Number 9789383837748
Terms of availability 550.00
035 ## - SYSTEM CONTROL NUMBER
System control number EN-127872
037 ## - SOURCE OF ACQUISITION
Source of stock number/acquisition DBAD
082 04 - DEWEY DECIMAL CLASSIFICATION NUMBER
Edition number 1st
Classification number 370.1
100 ## - MAIN ENTRY--PERSONAL NAME
Personal name Kusum
245 10 - TITLE STATEMENT
Title UNDERSTANDING DISCIPLINE AND SUBJECTS/
Statement of responsibility, etc Dr. KUSUM, Dr. ARVIND KUMAR GILL
250 ## - EDITION STATEMENT
Edition statement FIRST
260 ## - PUBLICATION, DISTRIBUTION, ETC. (IMPRINT)
Place of publication, distribution, etc NEW DELHI
Name of publisher, distributor, etc Vishwagayan Prakashan Sale Distribution
Date of publication, distribution, etc 2019
270 ## - ADDRESS
Address U-9, Subhash Park, Uttam Nagar,
City New Delhi
Postal code 110059
Telephone number 9899071610
-- 9899521610
Electronic mail address akgpost@gmail.com
300 ## - PHYSICAL DESCRIPTION
Extent 171P.
Dimensions 22 cm(Pb)
942 ## - ADDED ENTRY ELEMENTS (KOHA)
Source of classification or shelving scheme Dewey Decimal Classification
Item type English Books
Call number suffix KUS
Edition 1st
Classification part 370.1
Holdings
Withdrawn status Lost status Not for loan Collection code Home library Current library Date acquired Source of acquisition Cost, normal purchase price Full call number Barcode Copy number Cost, replacement price Koha item type
    Not For Loan Non-fiction D.B.Act.Division D.B.Act.Division 02/04/2025 Delivery of Books Act Division 550.00 370.1 KUS EN-127872 1 550.00 English Books

© Delhi Public Library
Hit Counter
free hit counter